000 01290nam a22001937a 4500
999 _c63442
_d63442
003 Ge_BSU
005 20251009204438.0
008 251009s1980 ge ||||| |||| 00| 0 geo d
041 _ageo
080 _a338(479.223) ა-97
245 _aაჭარის ასსრ სახალხო მეურნეობის ზოგიერთი დარგის განვითარების პრობლემები :
_bნაწ. 3 /
_cრედაქტორი დ. დიასამიძე; საქ. სსრ მეცნ. აკად., ბათუმის სამეცნ-კვლევ. ინ-ტი.
264 _aთბილისი :
_bმეცნიერება,
_c1980.
300 _a104 გვ.;
_b20 სმ.
520 _aყოველი სტატიის შემდეგ რეზ. რუს.
653 _aაჭარის სახალხო მეურნეობა.
700 _aდიასამიძე, დ.
_e რედაქტორი
_910513
710 _4საქართველოს სსრ მეცნიერებათა აკადემია. ბათუმის სამეცნიერო-კვლევითი ინსტიტუტი.
942 _2udc
_cᲬᲘᲒᲜᲘ